[Event "Abakan Khakassia-ch"]
[Site "Abakan"]
[Date "2014.02.27"]
[Round "7"]
[White "Uskov, Nikita"]
[Black "Karachakov, Oyas"]
[Result "1/2-1/2"]
[WhiteElo "1841"]
[BlackElo "2115"]
[PlyCount "75"]
[EventDate "2014.02.22"]
[EventType "swiss"]
[EventRounds "9"]
[EventCountry "RUS"]
[SourceTitle "CBM 159 Extra"]
[Source "ChessBase"]
[SourceDate "2014.04.24"]
[SourceVersion "1"]
[SourceVersionDate "2014.04.24"]
[SourceQuality "1"]

1. d4 Nf6 2. Nf3 e6 3. e3 d5 4. Bd3 Bd6 5. 0-0 0-0 6. Nbd2 Nbd7 7. c4 c6 8. Qc2 a6 9. a3 Re8 10. e4 dxe4 11. Nxe4 Nxe4 12. Bxe4 Nf8 13. b4 Bd7 14. Bb2 Ng6 15. Ne5 Qe7 16. f4 Rad8 17. Qf2 Bc8 18. Rae1 Nf8 19. Qg3 f6 20. c5 Bc7 21. Nc4 Qf7 22. Qc3 Ng6 23. g3 Ne7 24. Ne3 Nd5 25. Qc2 f5 26. Bf3 a5 27. Bc3 axb4 28. axb4 Qf6 29. Nxd5 exd5 30. b5 Rxe1 31. Rxe1 Rf8 32. b6 Bd8 33. Qa2 Qf7 34. Qd2 Re8 35. Qd1 g6 36. Kf2 Be6 37. h4 h5 38. Qd2 1/2-1/2

[Event "Khakasia-ch"]
[Site "Abakan"]
[Date "2013.02.25"]
[Round "4"]
[White "Kozlitin, Roman"]
[Black "Karachakov, Oyas"]
[Result "1-0"]
[WhiteElo "2325"]
[BlackElo "2170"]
[PlyCount "52"]
[EventDate "2013.02.22"]
[EventType "swiss"]
[EventRounds "9"]
[EventCountry "RUS"]
[SourceTitle "CBM 153 Extra"]
[Source "ChessBase"]
[SourceDate "2013.04.22"]
[SourceVersion "1"]
[SourceVersionDate "2013.04.22"]
[SourceQuality "1"]

1. e4 e5 2. Nf3 Nc6 3. Bb5 a6 4. Ba4 Nf6 5. 0-0 Be7 6. Re1 b5 7. Bb3 d6 8. c3 Bg4 9. h3 Bh5 10. d3 Na5 11. Bc2 c5 12. Nbd2 Qc7 13. Nf1 0-0 14. g4 Bg6 15. Ng3 Nc6 16. Nh4 d5 17. g5 Nd7 18. exd5 Na5 19. Nhf5 Rfe8 20. b3 f6 21. Qf3 Rad8 22. d6 Bxd6 23. Qd5+ Kh8 24. Nxd6 Nb6 25. Nxe8 Nxd5 26. Nxc7 Nxc7 1-0